| 000 | 00411nam a22001577a 4500 | ||
|---|---|---|---|
| 003 | OSt | ||
| 005 | 20240321123217.0 | ||
| 008 | 221105b xxu||||| |||| 00| 0 eng d | ||
| 020 | _a9789352705085 | ||
| 040 | _cIIMT UNIVERSITY, MEERUT | ||
| 100 | _aHARSH MOHAN | ||
| 245 | _aESSENTIAL OF PATHOLOGY FOR PHYSIOTHERAPY STUDENTS | ||
| 260 |
_aNEW DELHI _bJAYPEE BROTHERS _c2019 |
||
| 300 | _a580 | ||
| 942 |
_2ddc _c02 |
||
| 999 |
_c55954 _d55954 |
||